The creative capital of cities : interactive knowledge creation and the urbanization economies of innovation /

"The Creative Capital of Cities challenges the new urban growth concepts of creative industries from a critical urban theory perspective. The author presents both technological creativity in knowledge-intensive industries and artistical creativity in the cultural economy sector in the analysis...

Full description

Bibliographic Details
Main Author: Krätke, Stefan, 1952-
Format: eBook
Language:English
Published: Chichester, West Sussex ; Malden, MA : Wiley-Blackwell, 2011.
Series:Studies in urban and social change.
Wiley Online Library.
Subjects:
Online Access:Connect to the full text of this electronic book

MARC

Tag First Indicator Second Indicator Subfields
LEADER 00000cam a2200000Ka 4500
001 in00002769621
005 20210728124913.0
006 m d
007 cr cn|||||||||
008 120622s2011 enkab ob 001 0 eng d
020 |a 1444342274 (electronic bk.) 
020 |a 9781444342277 (electronic bk.) 
035 |a (OCoLC)796085391 
035 |a (OCoLC)ocn796085391 
035 |a 4003522 
037 |a 10.1002/9781444342277  |b Wiley InterScience  |n http://www3.interscience.wiley.com 
040 |a DG1  |b eng  |c DG1  |d UIU  |d TXA  |d UtOrBLW 
049 |a TXAM 
050 4 |a BF408  |b .K73 2011eb 
082 0 4 |a 307.76  |2 22 
100 1 |a Krätke, Stefan,  |d 1952-  |0 http://id.loc.gov/authorities/names/n81088423 
245 1 4 |a The creative capital of cities :  |b interactive knowledge creation and the urbanization economies of innovation /  |c Stefan Krätke. 
264 1 |a Chichester, West Sussex ;  |a Malden, MA :  |b Wiley-Blackwell,  |c 2011. 
300 |a 1 online resource (ix, 249 pages) :  |b illustrations, maps 
336 |a text  |b txt  |2 rdacontent 
337 |a computer  |b c  |2 rdamedia 
338 |a online resource  |b cr  |2 rdacarrier 
490 1 |a Studies in urban and social change 
500 |a Electronic resource. 
500 |a Machine generated contents note: Introduction.1. Creativity and innovation under the command of capital.The capitalist imperative of creativity and innovation.Generalizing models of urban economic development.The role of innovation and inter-urban competition in Harvey's theory of capitalist urbanization.Conclusion.2. Creative cities as a new urban growth ideology.The impact of creative occupations on regional economic success.Introduction.Critique of Florida's conception of the creative class.An assessment of regional economic success factors and the impact of creative workers on regional development.The impact of creative occupational groups on regional economic development in Germany.Relationship between 'qualities of place' and the regional concentration of scientifically and technologically creative workers.Conclusion.3. Innovation and knowledge networks in a metropolitan region.The impact of localization economies and networking on technological creativity.Introduction.Innovation and knowledge networks: Theoretical approaches.The application of network analysis to urban regions' knowledge networks.Geographic scales and structural properties of knowledge networks in the metropolitan region of Hanover.Assessment of network impacts on regional firms' innovation output.Conclusion.4. Creativity in the culture and media industries.The impact of commercial imperatives on artistic creativity.Introduction.The institutional order of the cultural economy: Creativity in a capitalist context.Global centres of the culture industry and the production of lifestyle images.Conclusion.5. Local clustering of the cultural economy in the metropolis of Berlin.The urbanization economies of artistically creative occupations.Introduction.The rise of the cultural economy in Berlin's inner-city area.Creative cities and the role of the culture industries in urban economic and spatial development: Implications for urban regeneration.Conclusion.6. Synthesis: The creative capital of cities.References.Appendix.Index. 
504 |a Includes bibliographical references (pages [219]-233) and index. 
505 0 |a Front Matter -- Introduction -- Creativity and Innovation under the Command of Capital -- Creative Cities as a New Urban Growth Ideology -- Innovation and Knowledge Networks in a Metropolitan Region -- Creativity in the Culture and Media Industries -- Local Clustering of the Cultural Economy in the Metropolis of Berlin -- Synthesis: The Creative Capital of Cities -- Appendix: Grouping of Occupations and Subsectors -- References -- Index. 
520 |a "The Creative Capital of Cities challenges the new urban growth concepts of creative industries from a critical urban theory perspective. The author presents both technological creativity in knowledge-intensive industries and artistical creativity in the cultural economy sector in the analysis of the 'creative capital of cities'. Krätke develops a transdisciplinary approach to the analysis of creativity and knowledge generation in an urban context by combining perspectives of economic geography, regional research, and socio-cultural urban studies. Providing deep insights backed up by rigorous empirical analysis, The Creative Capital of Cities reveals the complex relational dimensions of creativity while offering an alternate path to the assessment of urban economic success"--Provided by publisher. 
588 |a Description based on print version record. 
650 0 |a Cities and towns.  |0 http://id.loc.gov/authorities/subjects/sh85026130 
650 0 |a Creative ability.  |0 http://id.loc.gov/authorities/subjects/sh85033833 
650 0 |a Technological innovations.  |0 http://id.loc.gov/authorities/subjects/sh85133143 
650 0 |a Urbanization.  |0 http://id.loc.gov/authorities/subjects/sh85141338 
655 7 |a Electronic books.  |2 local 
776 0 8 |i Print version:  |a Krätke, Stefan, 1952-  |t Creative capital of cities.  |d Chichester, West Sussex ; Malden, MA : Wiley-Blackwell, 2011  |z 9781444336214  |w (DLC) 2011013465  |w (OCoLC)635493917 
830 0 |a Studies in urban and social change.  |0 http://id.loc.gov/authorities/names/n92099694 
830 0 |a Wiley Online Library. 
856 4 0 |u http://proxy.library.tamu.edu/login?url=https://dx.doi.org/10.1002/9781444342277  |z Connect to the full text of this electronic book  |t 0 
948 |a cataloged  |b h  |c 2012/7/20  |d c  |e jlanham  |f 1:41:07 pm 
994 |a C0  |b TXA 
999 |a MARS 
999 f f |s c4cfeab2-9256-30e4-9c43-67c529f54045  |i de583a4a-2130-374f-b190-4576e709515c  |t 0 
952 f f |a Texas A&M University  |b College Station  |c Electronic Resources  |d Available Online  |t 0  |e BF408 .K73 2011eb  |h Library of Congress classification 
998 f f |a BF408 .K73 2011eb  |t 0  |l Available Online